Detalles MARC
| 000 -CABECERA |
| campo de control de longitud fija |
01210nam a2200265 a 4500 |
| 001 - NÚMERO DE CONTROL |
| campo de control |
000023835 |
| 003 - IDENTIFICADOR DEL NÚMERO DE CONTROL |
| campo de control |
DO-SdBNP |
| 005 - FECHA Y HORA DE LA ÚLTIMA TRANSACCIÓN |
| campo de control |
20230215105533.0 |
| 007 - CAMPO FIJO DE DESCRIPCIÓN FÍSICA--INFORMACIÓN GENERAL |
| campo de control de longitud fija |
ta |
| 008 - DATOS DE LONGITUD FIJA--INFORMACIÓN GENERAL |
| campo de control de longitud fija |
110114s1980 dr a 000 0 spa d |
| 040 ## - FUENTE DE LA CATALOGACIÓN |
| Centro catalogador/agencia de origen |
DO-SdBNP |
| Lengua de catalogación |
spa |
| Centro/agencia transcriptor |
BNPHU |
| 082 #4 - NÚMERO DE LA CLASIFICACIÓN DECIMAL DEWEY |
| Número de clasificación |
282.729353 |
| Número de documento/Ítem |
V831j |
| Número de edición |
22 |
| 245 03 - MENCIÓN DE TÍTULO |
| Título |
La visita de Juan Pablo II a Santo Domingo. |
| 260 ## - PUBLICACIÓN, DISTRIBUCIÓN, ETC. |
| Lugar de publicación, distribución, etc. |
Santo Domingo : |
| Nombre del editor, distribuidor, etc. |
Arzobispado de Santo Domingo, |
| -- |
Oficina de prensa, |
| Fecha de publicación, distribución, etc. |
1980. |
| 300 ## - DESCRIPCIÓN FÍSICA |
| Extensión |
264 p. : |
| Otras características físicas |
ilustraciones ; |
| Dimensiones |
24 cm. |
| 500 ## - NOTA GENERAL |
| Nota general |
Edición conmemorativa de la visita a la República Dominicana, los días 25 y 26 de enero de 1979, de S.S. Juan Pablo II. |
| 505 0# - NOTA DE CONTENIDO CON FORMATO |
| Nota de contenido con formato |
Presentación -- |
| Información miscelánea |
Homenaje y testimonio -- |
| Título |
Anuncio de la visita -- |
| -- |
La espera -- |
| -- |
La llegada -- |
| -- |
La presencia del Papa -- |
| -- |
La despedida -- |
| -- |
Discursos y homilías -- |
| -- |
Agradecimiento y crédito de las fotografías. |
| 590 ## - NOTA LOCAL (RLIN) |
| Nota local |
Inventariado, 2018/ YL |
| 600 14 - PUNTO DE ACCESO ADICIONAL DE MATERIA--NOMBRE DE PERSONA |
| Nombre de persona |
Juan Pablo, |
| Numeración |
II, |
| Títulos y otros términos asociados al nombre |
Papa, |
| Fechas asociadas al nombre |
1920-2005 |
| 9 (RLIN) |
10991 |
| 650 #4 - PUNTO DE ACCESO ADICIONAL DE MATERIA--TÉRMINO DE MATERIA |
| Término de materia o nombre geográfico como elemento de entrada |
Visitas papales |
| Subdivisión geográfica |
República Dominicana |
| 9 (RLIN) |
49048 |
| 650 #4 - PUNTO DE ACCESO ADICIONAL DE MATERIA--TÉRMINO DE MATERIA |
| Término de materia o nombre geográfico como elemento de entrada |
Iglesia católica |
| Subdivisión geográfica |
República Dominicana |
| 9 (RLIN) |
2409 |
| 650 #4 - PUNTO DE ACCESO ADICIONAL DE MATERIA--TÉRMINO DE MATERIA |
| Término de materia o nombre geográfico como elemento de entrada |
Iglesia católica.-papa-(1978-2005 :juan pablo ii) |
| 9 (RLIN) |
49049 |
| 910 ## - DATOS DE OPCIÓN DEL USUARIO (OCLC) |
| Datos de opción del usuario |
Validado. Control de calidad EMS |
| 942 ## - ELEMENTOS DE PUNTO DE ACCESO ADICIONAL (KOHA) |
| Fuente del sistema de clasificación o colocación |
Dewey Decimal Classification |
| Tipo de ítem Koha |
Libro |